Tschechisches Barock. - Frankfurt am Main [u.a.] : Lang. - 1999 [Rezension]
| Titel: | Tschechisches Barock. - Frankfurt am Main [u.a.] : Lang. - 1999 [Rezension] |
|---|---|
| Verfasser: | |
| In: |
Acta Comeniana, Band 14 (38) (2000), Seite 278-293 alle Artikel anzeigen |
| Veröffentlicht: | 2000 |
| Format: | Aufsatz |
| Sprache: | Tschechisch |
X
alg: 39509193
001A $01999:12-11-16
001B $01999:04-08-21 $t21:04:29.000
001D $01999:12-11-16
001U $0utf8
001X $00
002@ $0Aox
003@ $0395091934
007A $0395091934 $aHEB
007T $0Herdc0096146m
010@ $acze
011@ $a2000
021A $aTschechisches Barock. - Frankfurt am Main {[u.a.] : Lang. - 1999 [Rezension]
028A $aHavelka $dTomáš
031A $d14 (38) $h278-293 $j2000
039B $aIn $8--Abvc--. Acta Comeniana. - Praha : Filosofia, 1969-. - ISSN 0231-5955 $x200000000140000722 $9047438355
039T $8--Aau--. Tschechisches Barock. - Frankfurt am Main {[u.a.] : Lang, 1999. - 312 S.. - ISBN 3-631-33268-8 $9072171057
045F $a900.94371 $eDDC23BSB
045F/01 $a900
045F/03 $g4371
045T $a5,3 $a7,41
lok: 39509193 78
exp: 39509193 78 1 #EPN
201B/01 $026-11-17 $t03:58:31.000
201U/01 $0utf8
203@/01 $079139056X
208@/01 $a12-11-16 $be
209A/01 $a/ $f000 $x00
220C/01 $aTitelaufnehmer: pg
220C/01 $aHerkunft: Hú Av Čr Praha
220C/01 $aAnmerkung: rec.: 14 (38), <2000>, s. 278-293
244Z/01 $#Tschechien $#Tschechische Republik $#Tschechische Republik $#Tschechenland $#Tschechei Tschechien $#Česká Republika $#Czech Republic $#ČR $74303381-7 $8--Tg1--Tschechien $x01 $9086659812
244Z/01 $2Trx $#Böhmen $#Bohemia $#Czechy $8--Trx--Čechy $x02 $9391188941
244Z/01 $2Trx $#arvustused $#recenzijos $#Reviews $#recenziók $#recenzje $#recenzie $#recenze $8--Trx--Rezensionen $x03 $9391357441
247C/01 $82080>Marburg/Lahn, Herder-Institut, Forschungsbibliothek, Bibliographieportal $9336309341
| LEADER | 00000caa a22000002c 4500 | ||
|---|---|---|---|
| 001 | 395091934 | ||
| 003 | DE-603 | ||
| 005 | 20210804210429.0 | ||
| 007 | tu | ||
| 008 | 161112s2000 xx |||| | u00||u|cze c | ||
| 035 | |a (DE-599)HEB395091934 | ||
| 040 | |a DE-603 |b ger |c DE-603 |d DE-603 | ||
| 041 | |a cze | ||
| 082 | 0 | 4 | |8 1\u |a 900.94371 |q DE-101 |2 23/BSB |
| 084 | |a 5,3 |a 7,41 |2 ssgn | ||
| 085 | |8 1\u |b 900 | ||
| 085 | |8 1\u |z 2 |s 4371 | ||
| 100 | 1 | |a Havelka, Tomáš | |
| 245 | 0 | 0 | |a Tschechisches Barock. - Frankfurt am Main [u.a.] : Lang. - 1999 [Rezension] |
| 264 | 0 | |c 2000 | |
| 773 | 0 | 8 | |i In |t Acta Comeniana |d Praha : Filosofia, 1969- |x 0231-5955 |g Band 14 (38) (2000), Seite 278-293 |w (DE-603)047438355 |w (DE-600)253066-1 |
| 787 | 0 | 8 | |i Rezension von |t Tschechisches Barock |d Frankfurt am Main [u.a.] : Lang, 1999 |h 312 S., 21 cm |z 3631332688 |w (DE-603)072171057 |
| 924 | 0 | |9 2080 |a (DE-603)79139056X |b DE-2080 |c HES |d d |g / | |


